Entertainment computing : technologies and applications : IFIP First International Workshop on Entertainment Computing (IWEC 2002) May 14-17, 2002, Makuhari, Japan

Αποθηκεύτηκε σε:
Λεπτομέρειες βιβλιογραφικής εγγραφής
Συγγραφή απο Οργανισμό/Αρχή: IFIP International Workshop on Entertainment Computing Makuhari, Japan
Άλλοι συγγραφείς: Nakatsu, Ryohei (Επιμελητής έκδοσης), Hoshino, Junichi (Επιμελητής έκδοσης)
Μορφή: Πρακτικό Συνεδρίου Βιβλίο
Γλώσσα:English
Δημοσίευση: Boston : Kluwer Academic, c2003.
Σειρά:International Federation for Information Processing (Series) 112
Θέματα:
Ετικέτες: Προσθήκη ετικέτας
Δεν υπάρχουν, Καταχωρήστε ετικέτα πρώτοι!

MARC

LEADER 00000cam a2200000 i 4500
001 1/54778
008 040517s2003 mau| || |||| ||eng||
020 |a 1402073607 
035 |l 10073319 
040 |a GR-MyUa  |b gre  |e AACR2 
041 0 |a eng 
082 7 |a 006.7   |2 (22) 
111 2 |a IFIP International Workshop on Entertainment Computing   |n (1st :   |d 2002 :   |c Makuhari, Japan) 
245 1 0 |a Entertainment computing :   |b technologies and applications : IFIP First International Workshop on Entertainment Computing (IWEC 2002) May 14-17, 2002, Makuhari, Japan /   |c edited by Ryohei Nakatsu and Junichi Hoshino. 
260 |a Boston :   |b Kluwer Academic,   |c c2003. 
300 |a xviii, 534 σ. :   |b εικ. ;   |c 24 εκ. 
490 1 |a (International Federation for Information Processing ;   |v 112) 
504 |a Περιλαμβάνει βιβλιογραφικές αναφορές. 
650 0 |a Entertainment computing. 
700 1 |a Nakatsu, Ryohei,  |e edt 
700 1 |a Hoshino, Junichi,  |e edt 
830 0 |a International Federation for Information Processing (Series)  |v 112 
852 |a INST  |b CHIOS  |e 20040517  |h 006.7 IFI  |p 005200023169  |q 005200023169  |t BK  |y 0 
901 |a BIBL2-2003-3 
970 |a Σπέντζα  |b Ελένη  |z 05/12/2003